People grow and change, Poster 16 : (Record no. 116299)
[ view plain ]
| 000 -LEADER | |
|---|---|
| fixed length control field | 00297nam a2200109 a 4500 |
| 005 - DATE AND TIME OF LATEST TRANSACTION | |
| control field | 20140513081050.0 |
| 008 - FIXED-LENGTH DATA ELEMENTS--GENERAL INFORMATION | |
| fixed length control field | 020605s19uu xx 00 eng d |
| 050 ## - LIBRARY OF CONGRESS CALL NUMBER | |
| Classification number | P 574.3 |
| Item number | PEO |
| 245 ## - TITLE STATEMENT | |
| Title | People grow and change, Poster 16 : |
| Remainder of title | I am special, Poster 1. |
| 650 ## - SUBJECT ADDED ENTRY--TOPICAL TERM | |
| Topical term or geographic name as entry element | Growth--Poster |
| Withdrawn status | Lost status | Damaged status | Home library | Current library | Shelving location | Date acquired | Source of acquisition | Total Checkouts | Full call number | Barcode | Date last seen | Price effective from | Koha item type |
|---|---|---|---|---|---|---|---|---|---|---|---|---|---|
| Elizalde Library | Elizalde Library | KIT Section | 06/05/2002 | P 574.3 PEO | E270 | 05/13/2014 | 05/13/2014 | Kits |